000 00941nam a22003011i 4500
001 17443
003 BD-RjUL
005 20211209000136.0
008 780613s1893 xxu 000 1 eng
035 _a(BD-RjUL)17501
035 _a(OCoLC)3972531
040 _aDLC
_cCoGrU
_dDLC
_dBD-RjUL
_beng
041 _aeng
082 _a813.3
_bHAH 1893
100 1 _aHawthorne, Nathaniel,
_d1804-1864.
_953750
245 1 4 _aThe house of the seven gables :
_ba romance /
_cNathaniel Hawthorne.
260 _aPhiladelphia :
_bH. Altemus,
_c1893.
300 _avii, 374 p. ;
_c15 cm.
650 0 _aHaunted houses
_xFiction.
_953752
651 0 _aSalem (Mass.)
_xFiction.
_953753
655 7 _aHistorical fiction.
_2gsafd
_953762
655 7 _aDomestic fiction.
_2lcsh
_953763
655 7 _aOccult fiction.
_2gsafd
_953764
942 _2ddc
_cBK
999 _c17443
_d17443